000 00528cam a2200217ua 4500
001 86
008 110316n ii |||gr||||Z||||||eng
020 _a978-0-07-061667-7
020 _a0-07-061667-1
040 _cMAIN
082 _a005
245 _aMastering C.
_cBy K R Venugopal.
250 _a1st.
260 _aNew Delhi.:
_bMcgraw Hill.,
_c2007.
300 _axii, 854 p.:
_bill.;
_c23 cm.
653 _aComputer Science.
653 _aMastering C.
700 1 _aVenugopal, K R.,
700 1 _aPrasad, S R.,
942 _cBK
999 _c77
_d77